Giáo trình lý luận chung về nhà nước và pháp luật
Trình bày nguồn gốc, bản chất, các kiểu, chức năng, bộ máy và hình thức của nhà nước và pháp luật.
Gespeichert in:
| 1. Verfasser: | |
|---|---|
| Format: | Buch |
| Sprache: | Undetermined |
| Veröffentlicht: |
Hà Nội
Đại học Quốc gia Hà Nội
1998
|
| Schlagworte: | |
| Tags: |
Tag hinzufügen
Keine Tags, Fügen Sie den ersten Tag hinzu!
|
| Thư viện lưu trữ: | Trung tâm Học liệu Trường Đại học Cần Thơ |
|---|
| LEADER | 00769nam a2200193Ia 4500 | ||
|---|---|---|---|
| 001 | CTU_155871 | ||
| 008 | 210402s9999 xx 000 0 und d | ||
| 082 | |a 351.07 | ||
| 082 | |b V308 | ||
| 100 | |a Nguyễn, Cửu Việt | ||
| 245 | 0 | |a Giáo trình lý luận chung về nhà nước và pháp luật | |
| 245 | 0 | |c Nguyễn Cửu Việt (Chủ biên) | |
| 260 | |a Hà Nội | ||
| 260 | |b Đại học Quốc gia Hà Nội | ||
| 260 | |c 1998 | ||
| 520 | |a Trình bày nguồn gốc, bản chất, các kiểu, chức năng, bộ máy và hình thức của nhà nước và pháp luật. | ||
| 650 | |a Adminstrative law | ||
| 650 | |z Vietnam | ||
| 980 | |a Trung tâm Học liệu Trường Đại học Cần Thơ | ||